| 000 | 00440nam a2200157Ia 4500 | ||
|---|---|---|---|
| 008 | 240729s9999 xx 000 0 und d | ||
| 022 | _a2583-1763 | ||
| 245 | 0 | _aGAIMS Journal of Medical Sciences | |
| 260 | _aIndia | ||
| 260 | _bGujarat Adani Institute of Medical Sciences | ||
| 650 | _a Medicine (General) | ||
| 650 | _aMedicine | ||
| 856 | _uhttps://doaj.org/toc/9c46897ecb3b4016ad52e817d29d6a1b | ||
| 942 | _2ddc | ||
| 942 | _cDOAJEJ | ||
| 999 |
_c69690 _d69690 |
||
| 945 |
_a1 _bMadushi Gamage _c1 _dMadushi Gamage |
||